000 00811nam a2200253Ia 4500
003 OSt
005 20220927105247.0
006 a|||||r|||| 00| 0
007 ta
008 220926b |||||||| |||| 00| 0 eng d
020 _a0754647390
024 _a187818
037 _cReference Collections
040 _aRTL
_cRTL
_beng
041 _2eng
_aeng
082 _a"U8.7929.P, P5"
100 _aColantonio Andrea
_9371352
245 0 _aUrban tourism and development in the socialist state
_b Havana during the 'Special Period'
260 _aEngland
_bAshgate Publishing Limited
_c2005
300 _a"xii, 256p"
_ccm.
700 _a Potter Robert B
_9371353
942 _h"U8.7929.P, P5"
_cCC
999 _c691558
_d691558